[Event "Oberfranken-ch"]
[Site "Schney"]
[Date "2019.01.06"]
[Round "7"]
[White "Laustsen, Karl Johann"]
[Black "Birke, Stefanie"]
[Result "1-0"]
[WhiteElo "1780"]
[BlackElo "1584"]
[PlyCount "102"]
[EventDate "2019.01.03"]
[EventType "swiss"]
[EventRounds "7"]
[EventCountry "GER"]
[SourceTitle "CBM 188 Extra"]
[Source "ChessBase"]
[SourceDate "2019.02.26"]
[SourceVersion "1"]
[SourceVersionDate "2019.02.26"]
[SourceQuality "1"]

1. d4 e6 2. Bf4 b6 3. e3 Bb7 4. Nf3 d6 5. Be2 Be7 6. 0-0 Nf6 7. c4 Nbd7 8. Nc3 Nh5 9. Qc2 Nxf4 10. exf4 0-0 11. Ne4 Nf6 12. Nfd2 h6 13. Rfd1 c5 14. dxc5 dxc5 15. Bf3 Qc7 16. g3 Rad8 17. Rac1 Qb8 18. b3 Qa8 19. Nxf6+ Bxf6 20. Bxb7 Qxb7 21. Qe4 Qc7 22. Nf3 Rd7 23. Rxd7 Qxd7 24. Ne5 Qd2 25. Rc2 Qd1+ 26. Kg2 Rd8 27. Qe2 Bxe5 28. Qxd1 Rxd1 29. fxe5 Kf8 30. f4 Ke7 31. Kf2 f6 32. Re2 f5 33. Ke3 Rd8 34. Rg2 a6 35. Rc2 g6 36. Rg2 h5 37. h3 Rd1 38. h4 b5 39. cxb5 axb5 40. Rc2 Rd5 41. Rd2 Rd7 42. Rc2 Rd5 43. a4 bxa4 44. bxa4 Kd7 45. Rd2 Rxd2 46. Kxd2 Kc6 47. Kc3 Kb6 48. Kc4 Kc6 49. a5 g5 50. hxg5 Kb7 51. Kxc5 Ka6 1-0

[Event "Bayern-ch (Women) 89th"]
[Site "Bad Kissingen"]
[Date "2018.09.01"]
[Round "9"]
[White "Birke, Stefanie"]
[Black "Homfeldt, Claudia Laura"]
[Result "0-1"]
[WhiteElo "1688"]
[BlackElo "1520"]
[PlyCount "114"]
[EventDate "2018.08.26"]
[EventType "swiss"]
[EventRounds "9"]
[EventCountry "GER"]
[SourceTitle "EXT 2020"]
[Source "ChessBase"]
[SourceDate "2019.10.17"]
[SourceVersion "1"]
[SourceVersionDate "2019.10.17"]
[SourceQuality "1"]

1. Nf3 d5 2. g3 Nc6 3. Bg2 Nf6 4. 0-0 Bf5 5. d4 e6 6. c3 Bd6 7. Re1 Qd7 8. Nbd2 0-0 9. a3 h6 10. c4 dxc4 11. Nxc4 Rad8 12. Ncd2 e5 13. Nb3 exd4 14. Nfxd4 Nxd4 15. Nxd4 Be5 16. Be3 Bxd4 17. Bxd4 Qxd4 18. Qxd4 Rxd4 19. Bxb7 Rb8 20. Bf3 Rxb2 21. Rec1 Rd7 22. a4 Re7 23. e3 Bg4 24. Bc6 Bh3 25. Rab1 Rxb1 26. Rxb1 Bd7 27. Bf3 Bxa4 28. Ra1 Bb5 29. Rxa7 Rd7 30. Ra8+ Kh7 31. Ra1 c6 32. Rc1 Rc7 33. Rc5 g6 34. e4 Nd7 35. Rc1 c5 36. Rb1 Bd3 37. Rc1 Ne5 38. Bd1 Bxe4 39. f4 Nd3 40. Rc3 c4 41. Kf1 Nb2 42. Bb3 Bd3+ 43. Ke1 Re7+ 44. Kd2 Re2+ 45. Kc1 cxb3 46. Rxb3 Rc2+ 47. Kb1 Rd2+ 48. Kc1 Nc4 49. Rc3 Rxh2 50. Rxd3 Kg7 51. Rc3 Nd6 52. Kd1 Rg2 53. Ke1 Ne4 54. Rd3 Nxg3 55. Rf3 h5 56. Rf2 Rg1+ 57. Kd2 Ne4+ 0-1

[Event "Bayern-ch (Women) 89th"]
[Site "Bad Kissingen"]
[Date "2018.08.28"]
[Round "3"]
[White "Ludwig, Ines"]
[Black "Birke, Stefanie"]
[Result "1-0"]
[WhiteElo "1651"]
[BlackElo "1688"]
[PlyCount "92"]
[EventDate "2018.08.26"]
[EventType "swiss"]
[EventRounds "9"]
[EventCountry "GER"]
[SourceTitle "EXT 2020"]
[Source "ChessBase"]
[SourceDate "2019.10.17"]
[SourceVersion "1"]
[SourceVersionDate "2019.10.17"]
[SourceQuality "1"]

1. d4 e6 2. e3 b6 3. f4 Bb7 4. Nf3 Nf6 5. Bd3 g6 6. Nbd2 Bg7 7. 0-0 0-0 8. c3 d6 9. Qe2 Nbd7 10. e4 Re8 11. e5 dxe5 12. fxe5 Nd5 13. Ne4 Rf8 14. Qe1 Ne7 15. Bg5 f6 16. exf6 Nxf6 17. Nxf6+ Bxf6 18. Qxe6+ Kg7 19. Rae1 Qd5 20. Bxf6+ Rxf6 21. Qxe7+ Rf7 22. Qe5+ Qxe5 23. Nxe5 Re7 24. Rf2 Rae8 25. Ref1 Bd5 26. c4 Bg8 27. Nc6 Re3 28. Ne5 c5 29. Bc2 cxd4 30. Ng4 Re1 31. b3 Rxf1+ 32. Kxf1 Rd8 33. Bd3 Rd6 34. h4 h5 35. Ne5 Re6 36. Nf3 Rd6 37. Ke1 Be6 38. Kd2 Bf5 39. g3 Rd8 40. Ne5 Rd6 41. Bxf5 gxf5 42. Rxf5 Kh6 43. Kd3 Re6 44. Kxd4 Rd6+ 45. Kc3 Rd1 46. Rg5 Rd6 1-0

[Event "Bayern-ch (Women) 89th"]
[Site "Bad Kissingen"]
[Date "2018.08.26"]
[Round "1"]
[White "Niedermaier, Barbara"]
[Black "Birke, Stefanie"]
[Result "1-0"]
[WhiteElo "1923"]
[BlackElo "1688"]
[PlyCount "61"]
[EventDate "2018.08.26"]
[EventType "swiss"]
[EventRounds "9"]
[EventCountry "GER"]
[SourceTitle "EXT 2020"]
[Source "ChessBase"]
[SourceDate "2019.10.17"]
[SourceVersion "1"]
[SourceVersionDate "2019.10.17"]
[SourceQuality "1"]

1. e4 e6 2. d4 b6 3. Bd3 Bb7 4. Nf3 c5 5. c3 g6 6. Qe2 Bg7 7. 0-0 Nc6 8. d5 Ne5 9. Nxe5 Bxe5 10. f4 Bg7 11. dxe6 dxe6 12. Bb5+ Kf8 13. f5 e5 14. fxg6 hxg6 15. Qf3 Qf6 16. Qg4 Qh4 17. Qxh4 Rxh4 18. Bc4 f6 19. Bg5 Rxe4 20. Bxg8 Ba6 21. Bd5 Bxf1 22. Bxe4 Rd8 23. Bxf6 Bxf6 24. Kxf1 Rd1+ 25. Ke2 Rg1 26. a4 Ke7 27. a5 b5 28. a6 Kd6 29. Ra5 Bd8 30. Rxb5 Bb6 31. Rxb6+ 1-0

[Event "Oberfranken-ch"]
[Site "Schney"]
[Date "2018.01.05"]
[Round "5"]
[White "Birke, Stefanie"]
[Black "Bauschke, Norman"]
[Result "1/2-1/2"]
[WhiteElo "1410"]
[BlackElo "1638"]
[PlyCount "99"]
[EventDate "2018.01.03"]
[EventType "swiss"]
[EventRounds "7"]
[EventCountry "GER"]
[SourceTitle "CBM 182 Extra"]
[Source "ChessBase"]
[SourceDate "2018.02.23"]
[SourceVersion "1"]
[SourceVersionDate "2018.02.23"]
[SourceQuality "1"]

1. d4 Nf6 2. Nf3 g6 3. Nbd2 Bg7 4. b3 0-0 5. Bb2 d5 6. e3 Bf5 7. Be2 b6 8. 0-0 c5 9. Ba3 Nc6 10. Rc1 cxd4 11. exd4 Re8 12. Bb5 Bd7 13. Bd3 e5 14. dxe5 Nxe5 15. Nxe5 Rxe5 16. h3 Qc7 17. c4 Qb7 18. Bb2 Ree8 19. Qf3 Ne4 20. Nxe4 dxe4 21. Bxe4 Qxe4 22. Qxe4 Rxe4 23. Ba3 Re2 24. Rcd1 Be6 25. Rd3 Rxa2 26. Be7 Ra1 27. Rxa1 Bxa1 28. f4 Re8 29. Bb4 a5 30. Bd2 Bf5 31. Rd6 Re2 32. Kf1 Re6 33. Rd8+ Kg7 34. c5 bxc5 35. Bxa5 Bd4 36. g4 Bd3+ 37. Kg2 Re2+ 38. Kg3 Re3+ 39. Kf2 Rxh3+ 40. Kg2 Re3 41. b4 Be4+ 42. Kf1 Rf3+ 43. Ke2 Re3+ 44. Kd2 Rd3+ 45. Ke2 c4 46. b5 Bf3+ 47. Kf1 Rd1+ 48. Be1 c3 49. Rxd4 Rxd4 50. Bxc3 1/2-1/2